|
|
|
|
| LEADER |
00000nab a2200000 a 4500 |
| 001 |
vtls000167173 |
| 003 |
SK-MaSNL |
| 005 |
20260304181526.0 |
| 008 |
160201c1983 xo 0 cze |
| 015 |
|
|
|a SNBRB19rr/mm-uuuuu
|
| 035 |
|
|
|a CL0177284
|
| 040 |
|
|
|a SNKBUCL
|b slo
|c SNKBUCL
|e AACR2
|
| 041 |
0 |
|
|a cze
|
| 044 |
|
|
|a xo
|c SK
|
| 080 |
|
|
|a 636
|2 1981
|
| 080 |
|
|
|a 631.152
|2 1981
|
| 080 |
|
|
|a 681.01.3
|2 1981
|
| 100 |
1 |
|
|a Vinš, Jan
|4 aut
|9 320395
|
| 245 |
1 |
0 |
|a ASŘ biologického typu v procesu řízení živočíšné výroby
|c Jan Vinš
|
| 300 |
|
|
|b Obr. 1. Schéma 1.
|
| 650 |
0 |
7 |
|a živočíšna výroba
|2 snkbucl
|9 2836
|
| 650 |
0 |
7 |
|a automatizované systémy riadenia
|2 snkbucl
|9 28612
|
| 655 |
|
7 |
|a články z novín a časopisov
|2 snkbucl
|9 267496
|
| 773 |
0 |
|
|t Racio
|g Č. 1 (1983), s. 34-43
|
| 850 |
|
|
|a Slovenská národná knižnica v Martine
|a MTA001
|
| 852 |
|
|
|a SNK
|b KIS3GCP
|
| 958 |
|
|
|a RK
|
| 958 |
|
|
|a CZ
|
| 992 |
|
|
|a RBX
|
| 999 |
|
|
|c 3024513
|d 3026443
|